[Event "Torrelavega Spain, Team ChampionshipHonor Gp2"]
[Site "?"]
[Date "2007.06.27"]
[Round "?"]
[White "Ubilava, Elizbar"]
[Black "Kobalia, Mikhail"]
[WhiteElo "2540"]
[BlackElo "2639"]
[Result "1-0"]

1. d4 d5 2. c4 e6 3. Nf3 c6 4. Qc2 Nf6 5. Nbd2 Nbd7 6. e4 Nxe4 7. Nxe4 dxe4 8. Qxe4 Bb4+ 9. Bd2 Bxd2+ 10. Nxd2 c5 11. dxc5 Qa5 12. Be2 O-O 13. Qe3 Qxc5 14. Qxc5 Nxc5 15. b4 Na4 16. Rc1 e5 17. c5 Rd8 18. Nc4 Rd4 19. a3 Be6 20. Nxe5 Bd5 21. O-O a5 22. Nc4 axb4 23. axb4 Be6 24. Rfe1 Kf8 25. Bf1 Rad8 26. h3 Bxc4 27. Rxc4 g6 28. Ra1 Rxc4 29. Bxc4 Rd4 30. Bb3 Nc3 31. Ra8+ Kg7 32. Rb8 Ne2+ 33. Kh2 Nc1 34. Bc2 Rd7 35. Be4 Rd4 36. Bf3 Nd3 37. Rxb7 Nxb4 38. c6 Rc4 39. c7 

1-0

[Event "ESP-chT"]
[Site "?"]
[Date "1993.??.??"]
[Round "?"]
[White "Ubilava, Elizbar"]
[Black "Hodgson, Julian M"]
[WhiteElo "2530"]
[BlackElo "2625"]
[Result "1-0"]

1. d4 Nf6 2. c4 c5 3. Nf3 cxd4 4. Nxd4 e5 5. Nb5 d5 6. cxd5 Bc5 7. N5c3 O-O 8. g3 e4 9. Bg2 Re8 10. O-O e3 11. f3 h5 12. Na3 a6 13. Ne4 Nxe4 14. fxe4 Nd7 15. Qb3 Nf6 16. Bxe3 Bxe3+ 17. Qxe3 Nxd5 18. Qd4 Nf6 19. Qxd8 Rxd8 20. Rfd1 Be6 21. b3 Ng4 22. e5 Rxd1+ 23. Rxd1 Rb8 24. Bf3 Nxe5 25. Bxh5 Rc8 26. Bf3 Nxf3+ 27. exf3 b5 28. Rd2 Rc1+ 29. Kf2 Ra1 30. Rb2 Rh1 31. Ke3 g5 32. f4 gxf4+ 33. Kxf4 Kg7 34. Ke3 Kf8 35. Kd4 Bf5 36. Kc5 Rc1+ 37. Kb6 Bd3 38. Rd2 Rc3 39. Ka5 Bf1 40. Nc2 

1-0

[Event "Rapidplay"]
[Site "?"]
[Date "2001.08.18"]
[Round "?"]
[White "Ubilava, Elizbar"]
[Black "Chernin, Alexander"]
[WhiteElo "2524"]
[BlackElo "2601"]
[Result "1-0"]

1. d4 d5 2. c4 c6 3. Nf3 Nf6 4. e3 Bg4 5. Nbd2 e6 6. Qb3 Qc7 7. h3 Bf5 8. Bd3 Bg6 9. O-O Nbd7 10. Re1 Be7 11. e4 dxe4 12. Nxe4 O-O 13. Bg5 Rfe8 14. Nxf6+ Bxf6 15. Bxg6 hxg6 16. Qe3 Bxg5 17. Qxg5 Nf6 18. b3 Rad8 19. Re2 b5 20. Rc1 Qb6 21. Qe3 Re7 22. Rec2 b4 23. Qg5 a5 24. Re2 Ra7 25. Re3 a4 26. Rce1 axb3 27. axb3 Ra5 28. Re5 Ra3 29. R5e3 Rda8 30. g3 Ra2 31. R3e2 R8a5 32. Rxa2 Rxa2 33. Qe5 Ra8 34. Kg2 Ne8 35. Qc5 Qb7 

1-0

[Event "Krasnodar"]
[Site "?"]
[Date "1980.??.??"]
[Round "?"]
[White "Ubilava, Elizbar"]
[Black "Tseshkovsky, Vitaly"]
[WhiteElo "2430"]
[BlackElo "2595"]
[Result "1-0"]

1. Nf3 Nf6 2. c4 g6 3. Nc3 Bg7 4. e4 O-O 5. d4 d6 6. Be2 e5 7. dxe5 dxe5 8. Qxd8 Rxd8 9. Nd5 Nxd5 10. cxd5 c6 11. Bc4 h6 12. Bd2 b5 13. Bb3 Bb7 14. Ba5 Rd6 15. O-O-O cxd5 16. exd5 Nd7 17. Kb1 Nb6 18. Bb4 Rd7 19. d6 a5 20. Bc5 Nc4 21. Bxc4 bxc4 22. Rhe1 e4 23. Nd4 Rc8 24. Ba3 c3 25. bxc3 Rxc3 26. Nb3 Rd8 27. Re3 Rd3 28. Rdxd3 exd3 29. f3 Ba6 30. Nxa5 Bb5 31. Nb3 Bf8 32. Re5 Bc4 33. Re4 Be6 34. Rd4 Bg7 35. Ra4 Be5 36. h3 Bf5 37. Kc1 Bxd6 38. Bxd6 Rxd6 39. g4 Rc6+ 40. Kd1 Be6 41. Nd4 Rc2 42. Nxc2 

1-0

[Event "Open"]
[Site "?"]
[Date "2007.11.07"]
[Round "?"]
[White "Ubilava, Elizbar"]
[Black "Burmakin, V"]
[WhiteElo "2551"]
[BlackElo "2582"]
[Result "1-0"]

1. d4 c6 2. c4 Nf6 3. Nf3 d5 4. Nc3 a6 5. e3 b5 6. b3 Bg4 7. Be2 e6 8. O-O Bd6 9. Bb2 O-O 10. h3 Bh5 11. Rc1 Ra7 12. cxd5 cxd5 13. Ne5 Bxe2 14. Nxe2 Rc7 15. Qd3 Nfd7 16. Nf4 Nb6 17. Qd2 b4 18. Nfd3 a5 19. Nc5 Qe7 20. Ned3 N8d7 21. a3 bxa3 22. Bxa3 a4 23. Nxd7 Rxc1 24. Rxc1 Bxa3 25. Nxf8 Bxc1 26. Qxc1 a3 27. Nc5 Qxf8 28. Qxa3 Qb8 29. Qa5 h6 30. g3 g5 31. Kg2 Kg7 32. Qb5 Qc7 33. Qe8 Qd6 34. g4 Qf8 35. Qc6 Qb8 36. Nb7 Nc8 37. Nd8 Nd6 38. Qd7 Kf6 39. Kf3 Qb4 40. Nc6 Qa3 41. Qe7+ Kg7 42. Nd8 Qxb3 43. Qxd6 

1-0

[Event "3rd Benasque Spain, Open"]
[Site "?"]
[Date "2013.07.11"]
[Round "?"]
[White "Ubilava, Elizbar"]
[Black "Vazquez Igarza, Renier"]
[WhiteElo "2490"]
[BlackElo "2571"]
[Result "1-0"]

1. d4 Nf6 2. c4 e6 3. Nf3 d5 4. Nc3 Be7 5. Bg5 h6 6. Bh4 O-O 7. Qc2 Na6 8. e3 c5 9. dxc5 dxc4 10. Bxc4 Nxc5 11. O-O a6 12. Rfd1 Qe8 13. b4 Ncd7 14. b5 b6 15. bxa6 Bxa6 16. Bxa6 Rxa6 17. Nb5 Ne5 18. Nfd4 Ra5 19. a4 Qc8 20. Qb3 Qb7 21. Nxe6 fxe6 22. Qxe6+ Nf7 23. Rac1 Rxa4 24. Nd4 b5 25. f3 Ra6 26. Nc6 Ba3 27. Bxf6 gxf6 28. Rc2 Rxc6 29. Rxc6 Qe7 30. Rd3 Qxe6 31. Rxe6 Bc5 32. Rxf6 Re8 33. Kf1 Ne5 34. Rd5 Bxe3 35. Rxb5 Bg5 36. Rfb6 Kg7 37. Rb8 Re6 38. R8b7+ Nf7 39. g3 Be7 40. R5b6 Re5 41. h4 Kf8 42. Kg2 Nd6 43. Rd7 Nf5 44. Rd3 h5 45. Rdb3 Nd4 46. Rc3 Nf5 47. Ra6 Kf7 48. Kh3 Rd5 49. Rac6 Rd2 50. Rc7 Kf6 51. Rc2 Rd1 52. Rc1 Rd2 53. R7c2 Rd5 54. Rc3 Kf7 55. Re1 Rd7 56. Re4 Bf6 57. Rc5 Ng7 58. Rb5 Rd3 59. Rf4 Ne6 60. Rfb4 Ng7 61. Rb3 Rd1 62. Rb7+ Kg6 63. R7b6 Nf5 64. Ra6 Kf7 65. Rb7+ Be7 66. Ra4 Kf6 67. Rf4 Bd6 68. Rb6 Ke6 69. g4 hxg4+ 70. Kxg4 Rg1+ 71. Kh5 Ng3+ 72. Kg6 Nf5+ 73. Kh5 Ng3+ 74. Kh6 Ke5 75. Rg4 Nf5+ 76. Kh5 Rf1 77. Rb5+ Kf6 78. Rg6+ Ke7 79. Rxf5 Rh1 80. Rb5 

1-0

[Event "28th Open"]
[Site "?"]
[Date "2008.07.09"]
[Round "?"]
[White "Ubilava, Elizbar"]
[Black "Mamedov, Nidjat"]
[WhiteElo "2525"]
[BlackElo "2564"]
[Result "1-0"]

1. d4 Nf6 2. Nf3 g6 3. c4 Bg7 4. g3 O-O 5. Bg2 d6 6. O-O Nc6 7. Nc3 Bg4 8. h3 Bxf3 9. Bxf3 Nd7 10. e3 e5 11. Ne2 Qf6 12. Bxc6 bxc6 13. b3 exd4 14. exd4 Rae8 15. Be3 Qf3 16. Kh2 h5 17. Rc1 h4 18. gxh4 Qh5 19. Ng3 Qxh4 20. Qg4 Qxg4 21. hxg4 f5 22. gxf5 gxf5 23. Rg1 Kh7 24. Nh5 Bh6 25. Bxh6 Kxh6 26. Rc3 Rg8 27. Ng3 Kg6 28. Rf3 Rh8+ 29. Nh5+ Kf7 30. Rg7+ Ke6 31. Rh3 Rd8 32. Kg2 Rdg8 33. Re3+ Ne5 34. dxe5 dxe5 35. f4 Rxg7+ 36. Nxg7+ Kf6 37. Rxe5 Kxg7 38. Rxf5 Rd8 39. Kf3 Kg6 40. Ra5 Rd7 41. Rxa7 Kf6 42. Ra5 Ke7 43. Re5+ Kf6 44. Ke3 Rd8 45. b4 Ra8 46. Rc5 

1-0

[Event "Elgoibar"]
[Site "?"]
[Date "1998.11.24"]
[Round "?"]
[White "Ubilava, Elizbar"]
[Black "Georgiev, Vladimir"]
[WhiteElo "2540"]
[BlackElo "2540"]
[Result "1-0"]

1. d4 d5 2. Nf3 Nf6 3. c4 dxc4 4. Nc3 c6 5. a4 Bf5 6. e3 e6 7. Bxc4 Bb4 8. O-O O-O 9. Qe2 Bg6 10. Ne5 Nbd7 11. Nxg6 hxg6 12. Rd1 Qe7 13. e4 e5 14. d5 Nb6 15. dxc6 bxc6 16. Ba6 Rab8 17. Bg5 Nbd7 18. Bc4 Bc5 19. Kh1 Rfe8 20. Rd2 Bd4 21. Nd1 Qb4 22. Rc2 Qd6 23. f3 Nc5 24. Nf2 Nfd7 25. Be3 Rb4 26. Rd1 Nb6 27. f4 Qe7 28. Bxd4 exd4 29. e5 Nxc4 30. Rxd4 Ne6 31. Rdxc4 Nxf4 32. Qe4 Rxc4 33. Rxc4 Qxe5 34. Qxe5 Rxe5 35. h4 Ne6 36. Rxc6 Re2 37. Nd3 Re4 38. Kg1 Rxa4 39. Ne5 Rd4 40. Ra6 Rxh4 41. Nxg6 Rb4 42. Ne7+ Kh7 43. Rxa7 Rxb2 44. Nd5 Kg6 45. Ra5 Rd2 46. Ne7+ Kh7 47. Rh5# 

1-0

[Event "Benasque op"]
[Site "?"]
[Date "1997.??.??"]
[Round "?"]
[White "Ubilava, Elizbar"]
[Black "Barua, Dibyendu"]
[WhiteElo "2530"]
[BlackElo "2535"]
[Result "1-0"]

1. d4 f5 2. Bg5 g6 3. Nc3 d5 4. e3 Bg7 5. h4 Nf6 6. Nge2 Nh5 7. Nf4 Nxf4 8. Bxf4 Be6 9. h5 c6 10. Bd3 Nd7 11. g4 fxg4 12. hxg6 h5 13. Ne2 Nf6 14. Be5 Qd7 15. Nf4 h4 16. Nxe6 Qxe6 17. c3 h3 18. Qc2 Rh5 19. O-O-O Rxe5 20. dxe5 Qxe5 21. Rdg1 e6 22. Be2 Qf5 23. Qxf5 exf5 24. f3 Bh6 25. Kd2 Ke7 26. Kd3 Re8 27. fxg4 Ne4 28. Rh2 f4 29. Rf1 fxe3 30. Rxh3 Bg5 31. Rh7+ Ke6 32. g7 

1-0

[Event "5th Terres Catalanes"]
[Site "?"]
[Date "1997.09.23"]
[Round "?"]
[White "Ubilava, Elizbar"]
[Black "Izeta Txabarri, Felix"]
[WhiteElo "2520"]
[BlackElo "2525"]
[Result "1-0"]

1. Nf3 Nf6 2. g3 d5 3. Bg2 c5 4. O-O Nc6 5. d4 Bg4 6. Ne5 cxd4 7. Nxg4 Nxg4 8. c3 Nf6 9. cxd4 e6 10. Nc3 Be7 11. e3 O-O 12. Bd2 Rc8 13. Qe2 Qd7 14. Rfc1 a6 15. Qd1 b5 16. Ne2 Bd6 17. a4 b4 18. a5 e5 19. Be1 e4 20. Rc2 h5 21. Nc1 h4 22. Nb3 hxg3 23. hxg3 Nd8 24. Rac1 Rxc2 25. Qxc2 Qf5 26. Qc8 Ne6 27. Qxa6 Be7 28. Qb7 Bd6 29. Rc6 Bxg3 30. fxg3 Qh5 31. Rc8 Rxc8 32. Qxc8+ Kh7 33. Qc2 Ng4 34. Bxe4+ dxe4 35. Qxe4+ g6 36. Qh1 Qxh1+ 37. Kxh1 Nxe3 38. Bxb4 Nc7 39. Bd6 Nb5 40. a6 Nc4 41. Bb8 

1-0

[Event "12th It"]
[Site "?"]
[Date "2002.12.13"]
[Round "?"]
[White "Ubilava, Elizbar"]
[Black "Mirzoev, Azer"]
[WhiteElo "2552"]
[BlackElo "2522"]
[Result "1-0"]

1. d4 d5 2. Nf3 Nf6 3. c4 e6 4. Nc3 Nbd7 5. Bg5 Be7 6. e3 O-O 7. Qc2 c6 8. Bd3 h6 9. Bh4 dxc4 10. Bxc4 Nd5 11. Bg3 N7b6 12. Be2 c5 13. O-O cxd4 14. Nxd4 Nxc3 15. Qxc3 Na4 16. Qc2 Bd7 17. Bc7 Qc8 18. Rac1 Bc5 19. Be5 Bxd4 20. Bxd4 Bc6 21. Qb3 Nb6 22. e4 Rd8 23. Qe3 Qd7 24. Rfd1 Qe8 25. Qg3 Qf8 26. f3 Nd7 27. h4 a6 28. Kh2 Rac8 29. Rd2 

1-0

[Event "9th Open"]
[Site "?"]
[Date "2001.09.06"]
[Round "?"]
[White "Ubilava, Elizbar"]
[Black "Gofshtein, Z"]
[WhiteElo "2524"]
[BlackElo "2518"]
[Result "1-0"]

1. Nf3 c5 2. c4 Nc6 3. Nc3 Nf6 4. d4 cxd4 5. Nxd4 e6 6. a3 Bc5 7. e3 O-O 8. Be2 d5 9. Nf3 Bd6 10. O-O dxc4 11. Bxc4 Ne5 12. Be2 Qb6 13. e4 Nxf3+ 14. Bxf3 Be5 15. Qc2 Bd7 16. Be3 Qc7 17. Kh1 Bxc3 18. Qxc3 Qxc3 19. bxc3 e5 20. Be2 Be6 21. f3 Rfc8 22. Rfc1 Nd7 23. c4 b6 24. Rab1 Nc5 25. Rb5 Bd7 26. Rb2 Kf8 27. Kg1 Rc7 28. Rb5 Rac8 29. h4 Na6 30. Rb2 Be6 31. a4 Bxc4 32. Bxc4 Rxc4 33. Rxc4 Rxc4 34. a5 

1-0

[Event "ESP-ChT1"]
[Site "?"]
[Date "2002.09.12"]
[Round "?"]
[White "Ubilava, Elizbar"]
[Black "Galego, Luis"]
[WhiteElo "2552"]
[BlackElo "2511"]
[Result "1-0"]

1. d4 d6 2. Nf3 Nf6 3. c4 c6 4. Nc3 Bg4 5. e4 Nbd7 6. h3 Bxf3 7. Qxf3 g6 8. Be3 Bg7 9. g4 O-O 10. Be2 a6 11. O-O b5 12. cxb5 cxb5 13. Rfc1 b4 14. Na4 Qa5 15. b3 Rfc8 16. Rc4 e6 17. g5 Nh5 18. Rac1 Rxc4 19. Rxc4 Nb6 20. Nxb6 Qxb6 21. d5 Qa5 22. dxe6 fxe6 23. Qg4 Re8 24. Rc8 

1-0

[Event "12th Open"]
[Site "?"]
[Date "2006.12.07"]
[Round "?"]
[White "Ubilava, Elizbar"]
[Black "Maze, Sebastien"]
[WhiteElo "2533"]
[BlackElo "2510"]
[Result "1-0"]

1. c4 e5 2. g3 Nf6 3. Bg2 h6 4. Nc3 Bb4 5. e4 Nc6 6. Nge2 Bc5 7. O-O d6 8. h3 O-O 9. d3 a6 10. Kh2 b5 11. cxb5 axb5 12. Nxb5 Ba6 13. Na3 Nb4 14. Nc4 Bxc4 15. dxc4 Nxa2 16. Bd2 Nb4 17. Rb1 Re8 18. Nc1 Qb8 19. f4 Qb6 20. Nb3 Na6 21. fxe5 dxe5 22. Nxc5 Nxc5 23. Be3 Rad8 24. Qe2 Qd6 25. Rxf6 gxf6 26. Rf1 Kf8 27. b4 Nd7 28. Bxh6+ Ke7 29. c5 Qe6 30. Be3 Ra8 31. Rf2 Ra3 32. Qd2 Rea8 33. b5 Ra2 

1-0

[Event "URS-ch sf"]
[Site "?"]
[Date "1986.??.??"]
[Round "?"]
[White "Ubilava, Elizbar"]
[Black "Vaisser, Anatoli"]
[WhiteElo "2515"]
[BlackElo "2510"]
[Result "1-0"]

1. d4 e6 2. c4 f5 3. g3 Nf6 4. Bg2 Be7 5. Nf3 d5 6. O-O O-O 7. b3 c6 8. Ba3 Bxa3 9. Nxa3 b6 10. Nc2 Bb7 11. Nb4 Qd6 12. Nd3 Nbd7 13. Rc1 c5 14. cxd5 exd5 15. Nfe5 Rac8 16. Nxd7 Nxd7 17. dxc5 bxc5 18. Qd2 Ba6 19. b4 d4 20. bxc5 Nxc5 21. Qb4 Bxd3 22. exd3 Rc7 23. Rc4 Qb6 24. Qxb6 axb6 25. Rxd4 Rf6 26. Re1 g6 27. Bd5+ Kg7 28. Bc4 g5 29. Re8 Nb7 30. h4 g4 31. Be6 Nc5 32. Bc4 Nb7 33. Rb8 Re7 34. Rf4 Nc5 35. Rg8+ Kh6 36. Rg5 b5 37. Bxb5 Ne6 38. Rgxg4 Nxf4 39. Rxf4 Kg6 40. Bc4 Rd6 41. a4 Re1+ 42. Kg2 Ra1 43. Bb5 Ra2 44. Kf3 h6 45. Ke3 Re6+ 46. Kd4 Rc2 47. Kd5 Ree2 48. a5 Kf6 49. d4 Rxf2 50. Rxf2 Rxf2 51. a6 Rf3 52. Kc6 Rxg3 53. a7 Rg8 54. Kb7 

1-0

[Event "9th Soviet Union Spartakiad"]
[Site "?"]
[Date "1983.??.??"]
[Round "?"]
[White "Ubilava, Elizbar"]
[Black "Kuzmin, Gennadi P"]
[WhiteElo "2445"]
[BlackElo "2510"]
[Result "1-0"]

1. d4 Nf6 2. c4 d6 3. Nc3 Nbd7 4. g3 e5 5. Nf3 Be7 6. Bg2 O-O 7. O-O c6 8. e4 a6 9. h3 b5 10. c5 Bb7 11. cxd6 Bxd6 12. Be3 Re8 13. Qc2 c5 14. dxe5 Nxe5 15. Rad1 Qc7 16. Nh4 Nc4 17. Bc1 Be5 18. Rfe1 Nd6 19. Nd5 Nxd5 20. exd5 g6 21. Nf3 Bg7 22. Bf4 Rad8 23. Be5 f6 24. Bf4 Rxe1+ 25. Nxe1 Qb6 26. Nd3 c4 27. Nb4 Re8 28. Nc6 Nf7 29. g4 Nh6 30. Be3 Rxe3 31. fxe3 Nf7 32. Qe4 Ne5 33. Qd4 Qxd4 34. exd4 Nf7 35. Re1 Kf8 36. Re6 Bc8 37. Re7 Nd6 38. Rc7 Bh6 39. Na7 Bb7 40. Rd7 Bf4 41. Nc6 a5 

1-0

[Event "19th Open"]
[Site "?"]
[Date "2008.01.04"]
[Round "?"]
[White "Ubilava, Elizbar"]
[Black "Meijers, Viesturs"]
[WhiteElo "2544"]
[BlackElo "2507"]
[Result "1-0"]

1. d4 d5 2. c4 e6 3. Nf3 Nf6 4. Nc3 Be7 5. Bg5 Nbd7 6. e3 O-O 7. Qc2 b6 8. cxd5 exd5 9. Bd3 Bb7 10. O-O a6 11. Rad1 Re8 12. Ne5 Nf8 13. f4 N6d7 14. Bxe7 Qxe7 15. Rf3 f6 16. Rh3 h6 17. Ng4 c5 18. Qf2 cxd4 19. exd4 Nh7 20. Bg6 Red8 21. Re1 Qd6 22. Bxh7+ Kxh7 23. Qc2+ f5 24. Qxf5+ Qg6 25. Rxh6+ Kg8 26. Rd1 Re8 27. Qc2 Red8 28. Qxg6 Re8 29. Qh5 Nf8 30. Nxd5 Bxd5 31. Qxd5+ Re6 32. Qh5 Ree8 

1-0

[Event "9th Elgoibar"]
[Site "?"]
[Date "1999.??.??"]
[Round "?"]
[White "Ubilava, Elizbar"]
[Black "Izeta Txabarri, Felix"]
[WhiteElo "2556"]
[BlackElo "2505"]
[Result "1-0"]

1. c4 g6 2. Nc3 Bg7 3. d4 Nf6 4. e4 d6 5. Bd3 O-O 6. Nge2 c5 7. d5 e6 8. O-O exd5 9. cxd5 a6 10. a4 Re8 11. h3 c4 12. Bc2 Nbd7 13. Be3 Qc7 14. Bd4 Nc5 15. Ng3 h5 16. Re1 h4 17. Nf1 Bd7 18. a5 Bb5 19. Nh2 Nfd7 20. Bxg7 Kxg7 21. Qd4+ Kg8 22. Ng4 Qd8 23. f4 f6 24. Qf2 Qe7 25. Qxh4 Qg7 26. e5 f5 27. Nf6+ Kf8 28. Bxf5 

1-0

[Event "Tbilisi"]
[Site "?"]
[Date "1988.??.??"]
[Round "?"]
[White "Ubilava, Elizbar"]
[Black "Kozul, Zdenko"]
[WhiteElo "2500"]
[BlackElo "2505"]
[Result "1-0"]

1. g3 g6 2. Bg2 Bg7 3. d4 d5 4. Nf3 Nf6 5. c4 O-O 6. cxd5 Nxd5 7. O-O Nb6 8. Nc3 Nc6 9. d5 Na5 10. e4 c6 11. Bg5 h6 12. Be3 Nac4 13. Bd4 Nxb2 14. Qb3 Bxd4 15. Nxd4 N2c4 16. Rfd1 c5 17. Nf3 Bg4 18. h3 Bxf3 19. Bxf3 Ne5 20. Be2 c4 21. Qb4 g5 22. d6 e6 23. Qc5 Qf6 24. Nb5 Na4 25. Qe3 a6 26. Nd4 Rad8 27. f4 gxf4 28. gxf4 Ng6 29. Rf1 e5 30. fxe5 Qxe5 31. Nf5 Qc5 32. Qxc5 Nxc5 33. Bxc4 Kh7 34. Rae1 Ne5 35. Bd5 b5 36. Rc1 Ne6 37. Kh2 Ng7 38. Rc7 Ne8 39. Re7 Ng6 40. e5 

1-0

[Event "Soviet Union Cup"]
[Site "?"]
[Date "1984.??.??"]
[Round "?"]
[White "Ubilava, Elizbar"]
[Black "Kuzmin, Gennadi P"]
[WhiteElo "2470"]
[BlackElo "2505"]
[Result "1-0"]

1. d4 Nf6 2. c4 g6 3. Nc3 d5 4. Nf3 Bg7 5. cxd5 Nxd5 6. e4 Nxc3 7. bxc3 c5 8. Rb1 O-O 9. Be2 Nc6 10. d5 Ne5 11. Nxe5 Bxe5 12. Qc2 Bg7 13. Be3 f5 14. Bxc5 Qc7 15. Be3 Bxc3+ 16. Kf1 Bd7 17. d6 Qc6 18. Bb5 Qxe4 19. Qxe4 Bxb5+ 20. Rxb5 fxe4 21. dxe7 Rfe8 22. Rxb7 Kf7 23. Ke2 a5 24. Rc1 Rac8 25. Bg5 Ke6 26. Rb6+ Kf7 27. Rd6 h6 28. Bd2 Bf6 29. Rxc8 Rxc8 30. Rd8 Rxd8 31. exd8=Q Bxd8 32. Bxh6 Ke6 33. Kd2 Bf6 34. Kc2 a4 35. Bd2 Kd5 36. g3 Kc4 37. Be3 Kb4 38. h3 Ka3 39. Kb1 Kb4 40. Bd2+ Kc4 41. Kc2 Bd4 42. Be3 Bf6 43. h4 Be7 44. Kd2 Kb4 45. Bd4 Ka3 46. Ke3 Kxa2 47. Kxe4 Kb3 48. f4 a3 49. f5 gxf5+ 50. Kxf5 Bb4 51. h5 Bd2 52. Kg6 Bc1 53. h6 Bb2 54. Bg7 Kc2 55. g4 Kd3 56. Kf5 Ke3 57. g5 Kf3 58. Bf6 Bxf6 59. gxf6 a2 60. f7 a1=Q 61. f8=Q Qb1+ 62. Kg5+ Kg2 63. Qf5 Qc1+ 64. Kh5 

1-0

[Event "Tbilisi"]
[Site "?"]
[Date "1979.??.??"]
[Round "?"]
[White "Ubilava, Elizbar"]
[Black "Gurgenidze, Bukhuti"]
[WhiteElo "2430"]
[BlackElo "2505"]
[Result "1-0"]

1. e4 c5 2. Nf3 Nc6 3. Nc3 Nf6 4. e5 Ng4 5. Qe2 f6 6. exf6 Nxf6 7. d4 cxd4 8. Nb5 e5 9. Nxe5 Bb4+ 10. c3 O-O 11. Nxc6 dxc6 12. Nxd4 Kh8 13. Be3 Bd6 14. O-O-O Nd5 15. Qd2 Bg4 16. Re1 Nxe3 17. fxe3 Qh4 18. Be2 Rad8 19. Bxg4 Qxg4 20. Qc2 c5 21. Nf3 b5 22. Re2 Be7 23. Rd1 b4 24. Rxd8 Rxd8 25. e4 Qe6 26. c4 a5 27. Rd2 Rxd2 28. Kxd2 h6 29. e5 Qg4 30. Ke3 Bg5+ 31. Kf2 a4 32. g3 a3 33. bxa3 bxa3 34. Qd3 Bc1 35. Nh4 Qe6 

1-0

[Event "4th Magistrale"]
[Site "?"]
[Date "2001.05.26"]
[Round "?"]
[White "Ubilava, Elizbar"]
[Black "Campora, Daniel"]
[WhiteElo "2526"]
[BlackElo "2503"]
[Result "1-0"]

1. Nf3 d5 2. d4 f5 3. Bf4 Nf6 4. e3 e6 5. Nbd2 Be7 6. Ne5 O-O 7. Bd3 Nbd7 8. h3 Nxe5 9. Bxe5 Nd7 10. Bg3 c5 11. c3 Qb6 12. Qc2 Qc6 13. O-O a6 14. f3 c4 15. Be2 b5 16. b3 e5 17. bxc4 dxc4 18. dxe5 Bc5 19. f4 Bb7 20. Bf3 Bxe3+ 21. Kh2 Qc7 22. Rae1 Bxd2 23. Qxd2 Bxf3 24. Rxf3 Nc5 25. Qd5+ Kh8 26. e6 Rad8 27. Qe5 Qe7 28. Bh4 Qxh4 29. e7 Ne4 30. Rd1 Rde8 31. exf8=Q+ Rxf8 32. Rd7 Nf6 33. Qe7 Rg8 34. Kg1 Qh5 35. Rd8 Qg6 36. Re3 h6 37. Rxg8+ Nxg8 38. Qe6 Qh5 39. Re5 Qd1+ 40. Kh2 Qd2 41. Rxf5 Nf6 42. Qxa6 Qxc3 43. Rxb5 

1-0

[Event "9th Elgoibar"]
[Site "?"]
[Date "1999.??.??"]
[Round "?"]
[White "Ubilava, Elizbar"]
[Black "Lazarev, Vladimir"]
[WhiteElo "2556"]
[BlackElo "2501"]
[Result "1-0"]

1. g3 c5 2. Bg2 Nc6 3. Nf3 e5 4. O-O g6 5. Nc3 Bg7 6. a3 a5 7. e4 Nge7 8. d3 d6 9. Nd2 O-O 10. Nc4 Be6 11. a4 f5 12. Nd5 h6 13. f4 Kh8 14. c3 Rb8 15. Be3 b6 16. Qd2 Kh7 17. Rae1 Bg8 18. Bf2 fxe4 19. dxe4 exf4 20. gxf4 Nxd5 21. exd5 Ne7 22. Bh4 Bf6 23. Bxf6 Rxf6 24. Rf2 Nf5 25. Qe2 Qd7 26. b3 Rff8 27. Qg4 Qg7 28. Qh3 b5 29. axb5 Rxb5 30. Nd2 a4 31. bxa4 Ra5 32. Ne4 Rxa4 33. Ng5+ Kh8 34. Ne6 Bxe6 35. dxe6 Ne7 36. Qd3 d5 37. Bxd5 Raxf4 38. Rxf4 Rxf4 39. Bg2 Kh7 40. Qd6 Rf5 41. Rb1 h5 42. Rb7 Qxc3 43. Qxe7+ Kh6 44. Rb1 Qe3+ 45. Kh1 c4 46. h4 c3 47. Qd8 Qe5 48. e7 c2 49. Rc1 Qb2 50. Qd2+ 

1-0

[Event "Elgoibar"]
[Site "?"]
[Date "1994.??.??"]
[Round "?"]
[White "Ubilava, Elizbar"]
[Black "Strikovic, Aleksa"]
[WhiteElo "2535"]
[BlackElo "2495"]
[Result "1-0"]

1. c4 e5 2. Nc3 d6 3. Nf3 Nf6 4. d4 Nbd7 5. Bg5 h6 6. Bh4 Be7 7. e3 O-O 8. Be2 c6 9. Qc2 Nh5 10. Bxe7 Qxe7 11. g4 Nhf6 12. g5 hxg5 13. Nxg5 exd4 14. exd4 Re8 15. O-O-O Nf8 16. Rhg1 a6 17. Rg3 b5 18. Rdg1 b4 19. Nce4 Nxe4 20. Qxe4 g6 21. Bd3 Qxe4 22. Nxe4 Re6 23. f4 d5 24. cxd5 cxd5 25. Nc5 Rf6 26. Rf1 Bf5 27. Bxf5 Rxf5 28. Rg5 Kg7 29. Rxf5 gxf5 30. Kc2 a5 31. Kb3 Ng6 32. Ka4 Kf6 33. Kb5 Ne7 34. Re1 Rb8+ 35. Ka4 Rd8 36. Nb7 Ra8 37. Re5 Ra7 38. Nxa5 Ng6 39. Rxd5 Nxf4 40. Rd6+ Ke7 41. Rh6 Nd5 42. Kb5 Rc7 43. Nc6+ Kd7 44. Kc5 Nf4 45. Rd6+ 

1-0

[Event "Toledo"]
[Site "?"]
[Date "1991.??.??"]
[Round "?"]
[White "Ubilava, Elizbar"]
[Black "Franco Ocampos, Zenon"]
[WhiteElo "2535"]
[BlackElo "2495"]
[Result "1-0"]

1. c4 e5 2. Nc3 Nf6 3. g3 d5 4. cxd5 Nxd5 5. Bg2 Ne7 6. Nf3 Nbc6 7. d3 g6 8. h4 h6 9. Bd2 Bg7 10. Qc1 Be6 11. O-O Qd7 12. b4 Bh3 13. Ne4 Bxg2 14. Kxg2 Nf5 15. Nc5 Qc8 16. e3 Nd6 17. Rb1 a6 18. a4 O-O 19. e4 Kh7 20. b5 axb5 21. axb5 Na7 22. b6 Nab5 23. bxc7 Qxc7 24. Bb4 Rfc8 25. Qe3 Nd4 26. Rfc1 Nxf3 27. Qxf3 Nb5 28. Nb3 Qd7 29. Nc5 Qc7 30. h5 Nd4 31. Qg4 Qe7 32. Nb3 Qe6 33. hxg6+ fxg6 34. Qxe6 Nxe6 35. Na5 Rxc1 36. Rxc1 Rd8 37. Rc3 Rd7 38. Nc4 Kg8 39. Nb6 Rd4 40. Nd5 Kf7 41. Rb3 Bf8 42. Bxf8 Kxf8 43. Rxb7 Rxd3 44. Ne7 Kf7 45. Nf5+ Kf6 46. Nxh6 Nc5 47. Rb6+ Kg7 48. Ng4 

1-0

[Event "Soviet Union Cup"]
[Site "?"]
[Date "1984.??.??"]
[Round "?"]
[White "Ubilava, Elizbar"]
[Black "Giorgadze, Tamaz"]
[WhiteElo "2470"]
[BlackElo "2495"]
[Result "1-0"]

1. d4 Nf6 2. c4 g6 3. Nc3 d5 4. Nf3 Bg7 5. cxd5 Nxd5 6. e4 Nxc3 7. bxc3 c5 8. Rb1 O-O 9. Be2 Qa5 10. O-O Qxa2 11. Bg5 Qe6 12. e5 Rd8 13. Qa4 Qc6 14. Qb3 Be6 15. c4 cxd4 16. Bxe7 Rd7 17. Bd6 Qe4 18. Bd3 Qf4 19. Rfe1 f5 20. Ba3 Na6 21. h3 Qh6 22. h4 g5 23. Nxg5 Bf8 24. Bd6 Be7 25. Bxf5 Nc5 26. Bxc5 Bxf5 27. Bxe7 Rxe7 28. c5+ Kg7 29. Rbd1 d3 30. Qb4 a5 31. Qd4 a4 32. Qf4 Rf8 33. Qxa4 Qh5 34. Qb4 h6 35. c6 Ree8 36. Ne4 Qxh4 37. Qxb7+ Kh8 38. Nf6 d2 39. Re3 Rb8 40. Qe7 Rfe8 41. c7 Qa4 42. cxb8=Q Qxd1+ 43. Kh2 Rxb8 44. Rg3 

1-0

[Event "6th Parsvnath Open"]
[Site "?"]
[Date "2008.01.16"]
[Round "?"]
[White "Ubilava, Elizbar"]
[Black "Safin, S"]
[WhiteElo "2544"]
[BlackElo "2493"]
[Result "1-0"]

1. d4 d5 2. Nf3 Nf6 3. c4 e6 4. Nc3 Nbd7 5. cxd5 exd5 6. Qc2 c6 7. Bf4 Nh5 8. Bg3 Nxg3 9. hxg3 Nf6 10. O-O-O Bb4 11. e3 Qa5 12. Bd3 Bg4 13. Kb1 Bxc3 14. bxc3 c5 15. Rc1 c4 16. Bf5 Bxf5 17. Qxf5 Rd8 18. Ka1 h6 19. g4 Ne4 20. Ne5 Qc7 21. Rhe1 Rd6 22. f3 Rf6 23. Qh5 Ng5 24. Rc2 O-O 25. Rh1 Ra6 26. Rb1 Re6 27. e4 Rd8 28. exd5 Rxd5 29. f4 Ne4 30. g5 hxg5 31. Qf3 f5 32. g4 Rb6 33. Rh1 gxf4 34. gxf5 Rxe5 35. dxe5 Qxe5 36. Re1 Nd2 37. Qd1 Nb3+ 38. axb3 Qa5+ 39. Kb1 Rxb3+ 40. Rb2 Qxf5+ 41. Qc2 Qxc2+ 42. Kxc2 Rxb2+ 43. Kxb2 Kf7 44. Kc2 g5 45. Re4 Kf6 46. Rxc4 Kf5 47. Kd3 Kg4 

1-0

[Event "24th Open Internazionale di La Roda"]
[Site "?"]
[Date "2004.04.09"]
[Round "?"]
[White "Ubilava, Elizbar"]
[Black "Adla, Diego"]
[WhiteElo "2530"]
[BlackElo "2491"]
[Result "1-0"]

1. d4 d5 2. c4 e6 3. Nf3 Nf6 4. Bg5 dxc4 5. Qa4+ Nbd7 6. Qxc4 a6 7. Nbd2 c5 8. e4 cxd4 9. e5 h6 10. Bxf6 gxf6 11. exf6 Nxf6 12. Qxd4 Qxd4 13. Nxd4 Bg7 14. N2b3 b6 15. Be2 Bb7 16. Rc1 O-O 17. O-O Rfc8 18. Rfd1 Kf8 19. Kf1 Ke7 20. Re1 Ne4 21. Bf3 f5 22. Be2 a5 23. a4 Bd5 24. Bb5 Kd6 25. Rcd1 Bxd4 26. Nxd4 Rc5 27. f3 Nf6 28. Nxe6 Rc2 29. Nf4 

1-0